Súčasné trendy vo vzdelávaní manažérov

Problematika manažérskeho vzdelávania a opis súčasného stavu týkajúceho sa trendov vo vzdelávaní manažérov.

Na minha lista:
Detalhes bibliográficos
Autor principal: Mišún, Juraj, 1978-
Outros Autores: Sochanič, Vladislav
Formato: Capítulo de Livro
Idioma:eslovaco
Assuntos:
Tags: Adicionar Tag
Sem tags, seja o primeiro a adicionar uma tag!

MARC

LEADER 00000nla a2200000 4500
001 0240319
005 20240502073913.7
041 0 |a slo 
044 |a SK 
245 1 0 |a Súčasné trendy vo vzdelávaní manažérov  |c Juraj Mišún, Vladislav Sochanič 
520 |a Problematika manažérskeho vzdelávania a opis súčasného stavu týkajúceho sa trendov vo vzdelávaní manažérov. 
610 2 0 |a vzdelávanie 
610 2 0 |a manažéri 
610 2 0 |a politika vzdelávania 
610 2 0 |a podnikanie 
100 1 |a Mišún, Juraj, 1978- 
700 1 |a Sochanič, Vladislav